Leaders of the pack (Record no. 69071)

MARC details
000 -LEADER
fixed length control field 01060cam a2200325 4500
001 - CONTROL NUMBER
control field ABS64945
008 - FIXED-LENGTH DATA ELEMENTS--GENERAL INFORMATION
fixed length control field 011211n2001 000 0 eng u
035 ## - SYSTEM CONTROL NUMBER
System control number (Sirsi) u115945
100 ## - MAIN ENTRY--PERSONAL NAME
Personal name Osbourne, J
245 ## - TITLE STATEMENT
Title Leaders of the pack
260 ## - PUBLICATION, DISTRIBUTION, ETC.
Date of publication, distribution, etc. 2001
490 ## - SERIES STATEMENT
Series statement Building
Volume/sequential designation 266(8210) 16 November 2001, 40-50(11)
520 ## - SUMMARY, ETC.
Summary, etc. Annual league table of the top 200 consultants ranked by the number of UK chartered staff. Also lists the top 100 architects, 100 engineers, 100 surveyors, 100 quantity surveyors, and 100 building surveyors. Includes consultant's websites.
590 ## - LOCAL NOTE (RLIN)
Local note ABS
650 ## - SUBJECT ADDED ENTRY--TOPICAL TERM
Topical term or geographic name entry element LEAGUE TABLES
650 ## - SUBJECT ADDED ENTRY--TOPICAL TERM
Topical term or geographic name entry element PERFORMANCE
650 ## - SUBJECT ADDED ENTRY--TOPICAL TERM
Topical term or geographic name entry element RANKINGS
650 ## - SUBJECT ADDED ENTRY--TOPICAL TERM
Topical term or geographic name entry element ARCHITECTS
650 ## - SUBJECT ADDED ENTRY--TOPICAL TERM
Topical term or geographic name entry element SURVEYORS
650 ## - SUBJECT ADDED ENTRY--TOPICAL TERM
Topical term or geographic name entry element BUILDING SURVEYORS
650 ## - SUBJECT ADDED ENTRY--TOPICAL TERM
Topical term or geographic name entry element QUANTITY SURVEYORS
650 ## - SUBJECT ADDED ENTRY--TOPICAL TERM
Topical term or geographic name entry element ENGINEERS
650 ## - SUBJECT ADDED ENTRY--TOPICAL TERM
Topical term or geographic name entry element CONSULTANTS
650 ## - SUBJECT ADDED ENTRY--TOPICAL TERM
Topical term or geographic name entry element ABOUT RICS-RICS MEMBERS
650 ## - SUBJECT ADDED ENTRY--TOPICAL TERM
Topical term or geographic name entry element FACILITIES MANAGEMENT
9 (RLIN) 6240
650 ## - SUBJECT ADDED ENTRY--TOPICAL TERM
Topical term or geographic name entry element MANAGEMENT-BUSINESS MANAGEMENT
690 ## - LOCAL SUBJECT ADDED ENTRY--TOPICAL TERM (OCLC, RLIN)
Topical term or geographic name as entry element PROFESSIONAL PRACTICE
700 ## - ADDED ENTRY--PERSONAL NAME
Personal name Hewes, M
942 ## - ADDED ENTRY ELEMENTS (KOHA)
Suppress in OPAC 0
Holdings
Withdrawn status Lost status Source of classification or shelving scheme Damaged status Not for loan Home library Current library Shelving location Date acquired Total Checkouts Full call number Barcode Date last seen Copy number Price effective from Koha item type
    Dewey Decimal Classification     London London Journal article 11/12/2001   ABS64945 115945-1001 06/08/2019 1 06/08/2019 Journal article